Responses for Show #803 - Wednesday, February 17, 1988

1988 Teen Tournament semifinal game 3.

Contestants

[<< previous game]

David Graham, a senior from Avon, Connecticut

Chris Capozzola, a junior from Worcester, New York

Stefanie Wulfestieg, a senior from Tacoma, Washington

[next game >>]

Jeopardy! Round responses

AUSTRALIA
FASHION
STATE POSTAL ABBREVIATIONS
HEALTH & FITNESS
SUPERMAN
RHYMES WITH BANG
    $100 15
nice guy

Triple Stumper
    $100 14
mini skirts

Chris
    $100 1
2

Chris
    $100 8
sleep

Chris
    $100 23
Lex Luthor

David
    $100 4
fang

Stefanie
    $200 16
summer

Stefanie
    $200 25
Ocean Pacific

Chris
    $200 2
HI

Chris
    $200 18
(Alex: Barbells, dumbbells, etc.)

weights

Stefanie
    $200 29
[The end-of-round signal sounds.]

Wonder Woman

David
    $200 5
gang

Stefanie
    $300 17
gold rush

David
    $300 26
bicycle

David
    $300 3
Arizona (AZ)

David
    $300 19
blood pressure

Chris
    $300 7
50th

David
    $300 6
hang

David
    $400 20
Aborigines

David
    $400 9
Wyoming (WY)

Chris
    $2,000 27
(David: What are dairy products, grains, fruits and vegetables, and...)
...
(Alex: We've got less than a minute to go.)

dairy products, grains, fruits & vegetables, & meat & fish

David
    $400 12
Lois Lane

Chris
    $400 11
clang

David
    $500 24
the Beagle

Chris
    $500 22
horses & men

David
    $500 10
(Alex: What did you think the 4th one would have been?)
(Chris: I don't think I'd want to say!)
(Alex: Oklahoma (OK) was the 4th one.)

Alaska (AK), Kansas (KS) & Kentucky (KY)

Chris
    $500 28
international units

Triple Stumper
    $500 21
the sun

Stefanie
    $500 13
pang

Stefanie

Scores at the first commercial break (after clue 15):

Stefanie Chris David
$800 $1,800 $1,300

Scores at the end of the Jeopardy! Round:

Stefanie Chris David
$1,700 $2,800 $1,100

Double Jeopardy! Round responses

TECHNOLOGY
THE OLD WEST
"K"s IN LITERATURE
LIFE SCIENCE
GOVERNMENT
IN OTHER WORDS...
    $200 1
carbon dioxide

David
    $200 24
forts

Stefanie
    $200 3
(Rudyard) Kipling

Stefanie
    $200 14
hoof

Stefanie
    $200 13
the people

David
    $200 10
ask a silly question, get a silly answer

Stefanie
    $400 2
toothbrushes

Stefanie
    $400 30
(David: What is the Transcontinental Railroad?)
(Chris: What are telegraph...pole...lines?)
(Alex: Yes, all we needed was telegraph.)

telegraph

ChrisDavid
    $400 4
Kidnapped

Stefanie
    $400 21
yellow jacket

David
    $400 16
monarchy

Stefanie
    $400 11
Did the cat get (got) your tongue?

Stefanie
    $600 8
thermos

Stefanie
    $600 28
Doc Holliday

David
    $600 5
(John) Keats

Chris
    $600 22
(Stefanie: What are wings?)

ears

StefanieDavid
    $600 18
Congress

Chris
    $600 12
(Stefanie: What is it's on the tip of my tongue?)

no skin off my nose

StefanieChris
    $700 9
airplane

Stefanie
    $3,000 26
(Stefanie: What is the Apache Trail?)
...
(Alex: We've got less than a minute to go.)

"The Old Chisholm Trail"

Stefanie
    $800 6
(the brothers) Karamazov

Chris
    $800 23
stigma

David
    $800 19
anarchy

Chris
    $800 15
flattery will get you nowhere

Chris
    $1000 29
stitch

David
    $1000 25
(Alex: The 1st one that probably comes to mind is the Cayuse horse, & the horse got its name from the Cayuse Indians.)

horse and the Cayuse Indians

Triple Stumper
    $1000 7
(Stefanie: [*]?)
(Alex: No.)
...
(Alex: Stefanie, you know that in the Double Jeopardy! Round, you have to phrase it in the form of a question.)

"Kubla Khan"

StefanieDavid
    $1000 27
parameciums

David
    $1000 20
5th Amendment

Triple Stumper
    $1000 17
hail, hail, the gang's all here

Chris

Scores at the end of the Double Jeopardy! Round:

Stefanie Chris David
$200 $8,400 $6,500

[wagering suggestions for these scores]

Final Jeopardy! Round responses

WORLD CAPITALS
(Alex: Brussels, Berlin, Bonn, Budapest, Bucharest, Bern & Belgrade.)
StefanieWhat is L?
$199
DavidWhat is B?
$6,500
ChrisWhat is P?
$4,601
B

Final scores:

Stefanie Chris David
$1 $3,799 $13,000
3rd place: $5,000 2nd place: $5,000 Finalist

Game dynamics:

Coryat scores:

Stefanie Chris David
$3,300 $8,400 $8,500
16 R
(including 1 DD),
4 W
(including 1 DD)
18 R,
0 W
19 R,
2 W
(including 1 DD)

Combined Coryat: $20,200

[game clues] [game scores] [suggest correction]

Game tape date: 1988-01-05
The J! Archive is created by fans, for fans. Scraping, republication, monetization, and malicious use prohibited; this site may use cookies and collect identifying information. See terms. The Jeopardy! game show and all elements thereof, including but not limited to copyright and trademark thereto, are the property of Jeopardy Productions, Inc. and are protected under law. This website is not affiliated with, sponsored by, or operated by Jeopardy Productions, Inc. Join the discussion at JBoard.tv.